Widok standardowy
Widok MARC
Pozycja Corporate Name
Liczba rekordów, w których użyto hasła: 1
001 - Numer kontrolny
- control field: 39744
003 - Identyfikator numeru kontrolnego
- control field: NUKAT
005 - Data i czas ostatniej modyfikacji
- control field: 20260409114401.0
008 - Dane kontrolne kodowane (40 znaków)
- fixed length control field: 101117|||adznnbabn |a ana |
010 ## - Numer kontrolny Biblioteki Kongresu
- numer kontrolny LC: p 2010031373
035 ## - Numer systemowy
- numer systemowy: a24465239
040 ## - Instytucja sporządzająca rekord
- inst. przygot. dane do rek. khw: WA N
- język haseł przedmiotowych/tezaurus: DBN
- inst. wprow. rek. khw: WA N
110 2# - Hasło - nazwa ciała zbiorowego
- nazwa ciała zbior. lub geogr. na pocz.: Wojskowa Służba Wewnętrzna
410 2# - Trop zob. - nazwa ciała zbiorowego
- nazwa ciała zbior. lub geogr. na pocz.: WSW
410 2# - Trop zob. - nazwa ciała zbiorowego
- nazwa ciała zbior. lub geogr. na pocz.: Ministerstwo Obrony Narodowej.
- nazwa jednostki podrzędnej: Wojskowa Służba Wewnętrzna
670 ## - Źródło informacji
- źródło informacji: Instrukcje pracy kontrwywiadowczej Wojskowej Służby Wewnętrznej wraz z instrukcjami prowadzenia dokumentacji i ewidencji (1957-1990) /oprac. Bartosz Kapuściak. - Kraków, 2010